NFL Top 10 Passing Touchdowns 1990s - Statistics

General Stats
  • This quiz has been taken 25 times
  • The average score is 72 of 108
Answer Stats
Year Team Player % Correct
1999: 1 Rams Kurt Warner
95%
1990: 3 49ers Joe Montana
90%
1999: 8 Packers Brett Favre
86%
1998: 3 Packers Brett Favre
86%
1997: 1 Packers Brett Favre
86%
1996: 1 Packers Brett Favre
86%
1995: 1 Packers Brett Favre
86%
1994: 2 Packers Brett Favre
86%
1993: 5 Packers Brett Favre
86%
1992: 8 Packers Brett Favre
86%
1999: 3 Colts Peyton Manning
86%
1998: 5 Colts Peyton Manning
86%
1998: 1 49ers Steve Young
86%
1997: 10 49ers Steve Young
86%
1994: 1 49ers Steve Young
86%
1993: 1 49ers Steve Young
86%
1992: 1 49ers Steve Young
86%
1991: 8 49ers Steve Young
86%
1998: 7 Dolphins Dan Marino
81%
1996: 10 Dolphins Dan Marino
81%
1995: 9 Dolphins Dan Marino
81%
1994: 3 Dolphins Dan Marino
81%
1992: 2 Dolphins Dan Marino
81%
1991: 4 Dolphins Dan Marino
81%
1990: 8 Dolphins Dan Marino
81%
1999: 10 Patriots Drew Bledsoe
81%
1997: 3 Patriots Drew Bledsoe
81%
1996: 3 Patriots Drew Bledsoe
81%
1994: 4 Patriots Drew Bledsoe
81%
1993: 10 Patriots Drew Bledsoe
81%
1995: 10 Bills Jim Kelly
81%
1994: 7 Bills Jim Kelly
81%
1993: 6 Bills Jim Kelly
81%
1992: 3 Bills Jim Kelly
81%
1991: 1 Bills Jim Kelly
81%
1990: 4 Bills Jim Kelly
81%
1998: 2 Vikings Randall Cunningham
81%
1992: 7 Eagles Randall Cunningham
81%
1990: 2 Eagles Randall Cunningham
81%
1997: 10 Cowboys Troy Aikman
81%
1993: 10 Cowboys Troy Aikman
81%
1992: 4 Cowboys Troy Aikman
81%
1997: 5 Seahawks Warren Moon
81%
1995: 2 Vikings Warren Moon
81%
1994: 9 Vikings Warren Moon
81%
1993: 4 Oilers Warren Moon
81%
1992: 9 Oilers Warren Moon
81%
1991: 5 Oilers Warren Moon
81%
1990: 1 Oilers Warren Moon
81%
1994: 10 Jets Boomer Esiason
71%
1993: 9 Cardinals Boomer Esiason
71%
1990: 5 Bengals Boomer Esiason
71%
1998: 9 Broncos John Elway
71%
1997: 4 Broncos John Elway
71%
1996: 4 Broncos John Elway
71%
1995: 6 Broncos John Elway
71%
1993: 2 Broncos John Elway
71%
1999: 4 Raiders Rich Gannon
71%
1998: 4 Jets Vinny Testaverde
71%
1996: 2 Ravens Vinny Testaverde
71%
1999: 5 Redskins Brad Johnson
67%
1997: 8 Vikings Brad Johnson
67%
1996: 10 Vikings Brad Johnson
67%
1996: 8 Jaguars Mark Brunell
62%
1998: 6 Falcons Chris Chandler
57%
1997: 9 Falcons Chris Chandler
57%
1995: 7 Saints Jim Everett
57%
1994: 6 Saints Jim Everett
57%
1992: 5 Rams Jim Everett
57%
1990: 6 Rams Jim Everett
57%
1993: 10 Giants Phil Simms
57%
1995: 4 Bears Erik Kramer
52%
1999: 6 Vikings Jeff George
52%
1997: 2 Raiders Jeff George
52%
1995: 8 Falcons Jeff George
52%
1994: 5 Falcons Jeff George
52%
1996: 6 Raiders Jeff Hostetler
52%
1994: 8 Raiders Jeff Hostetler
52%
1997: 6 Steelers Kordell Stewart
52%
1991: 2 Redskins Mark Rypien
52%
1996: 9 Chargers Stan Humphries
52%
1994: 10 Chargers Stan Humphries
52%
1992: 10 Chargers Stan Humphries
52%
1999: 2 Panthers Steve Beuerlein
52%
1993: 7 Cardinals Steve Beuerlein
52%
1998: 10 Buccaneers Trent Dilfer
52%
1997: 7 Buccaneers Trent Dilfer
52%
1991: 6 Browns Bernie Kosar
48%
1996: 7 Falcons Bobby Hebert
48%
1993: 3 Falcons Bobby Hebert
48%
1992: 6 Saints Bobby Hebert
48%
1999: 9 Chiefs Elvis Grbac
48%
1991: 9 Bears Jim Harbaugh
48%
1991: 7 Chiefs Steve DeBerg
48%
1990: 7 Chiefs Steve DeBerg
48%
1998: 8 Redskins Trent Green
48%
1999: 10 Bills Doug Flutie
43%
1996: 5 Bengals Jeff Blake
43%
1995: 5 Bengals Jeff Blake
43%
1997: 10 Lions Scott Mitchell
43%
1996: 10 Lions Scott Mitchell
43%
1995: 3 Lions Scott Mitchell
43%
1999: 7 Seahawks Jon Kitna
38%
1991: 3 Falcons Chris Miller
33%
1991: 10 Raiders Jay Schroeder
33%
1990: 10 Raiders Jay Schroeder
33%
1990: 9 Steelers Bubby Brister
24%
1993: 8 Buccaneers Craig Erickson
5%
No matching quizzes found
Score Distribution
Percent of People with Each Score
Percentile by Number Answered
Your Score History
You have not taken this quiz